书目信息 |
| 题名: |
量子力学习题精选与剖析
|
|
| 作者: | 钱伯初 , 曾谨言 著 | |
| 分册: | 下册 | |
| 出版信息: | 北京 科学出版社 1999 |
|
| 页数: | 323页 | |
| 开本: | 21cm | |
| 丛书名: | ||
| 单 册: | ||
| 中图分类: | O413.1-44 | |
| 科图分类: | ||
| 主题词: | 量子力学--教材--高等学校 | |
| 电子资源: | ||
| ISBN: | 7-03-006761-4 | |
| 000 | 00633nam0 2200217 45 | |
| 001 | 0006271589 | |
| 005 | 20051114104309.28 | |
| 010 | @a7-03-006761-4@dCNY18.00 | |
| 092 | @aCN | |
| 100 | @a20000627d1999 km y0chiy0120 ea | |
| 101 | 0 | @achi |
| 200 | 1 | @a量子力学习题精选与剖析@ALiang Zi Li Xue Xi Ti Jing Xuan Yu Pou Xi@h下册@f钱伯初,曾谨言著@FQian Bo Chu,Ceng Jin Yan Zhu |
| 205 | @a2版 | |
| 210 | @a北京@c科学出版社@d1999 | |
| 215 | @a323页@d21cm | |
| 606 | 0 | @a量子力学@x教材@x高等学校 |
| 690 | @aO413.1-44@v4 | |
| 701 | 0 | @a钱伯初@4著 |
| 701 | 0 | @a曾谨言@4著 |
| 801 | @aCN@bTSTC@c20051114 | |
| 905 | @a10447@dO413.1-44@e38:2=2 | |
| 量子力学习题精选与剖析.下册/钱伯初,曾谨言著.-2版.-北京:科学出版社,1999 |
| 323页;21cm |
| ISBN 7-03-006761-4:CNY18.00 |
| ● |
| 相关链接 |
|
|
|
|
正题名:量子力学习题精选与剖析
索取号:O413.1-44/38:2=2
 
预约/预借
| 序号 | 登录号 | 条形码 | 馆藏地/架位号 | 状态 | 备注 |
| 1 | 0289728 | 002897280 | 第三借阅区/ [索取号:O413.1-44/38:2=2] | 在馆 | |
| 2 | 0289729 | 002897299 | 第三借阅区/ [索取号:O413.1-44/38:2=2] | 在馆 | |
| 3 | 0289730 | 002897315 | 第三借阅区/ [索取号:O413.1-44/38:2=2] | 在馆 | |
| 4 | 0289731 | 002897306 | 第三借阅区/ [索取号:O413.1-44/38:2=2] | 在馆 | |
| 5 | 0289732 | 002897324 | 第二样本阅览室/ [索取号:O413.1-44/38:2=2] | 在馆 | |
| 6 | 0323614 | 203236140 | 第三借阅区/ [索取号:O413.1-44/38:2=2] | 在馆 | |
| 7 | 0323615 | 203236159 | 第三借阅区/ [索取号:O413.1-44/38:2=2] | 在馆 | |
| 8 | 0323616 | 203236168 | 第三借阅区/ [索取号:O413.1-44/38:2=2] | 在馆 | |
| 9 | 0323617 | 203236177 | 第三借阅区/ [索取号:O413.1-44/38:2=2] | 在馆 | |
| 10 | 0352121 | 3521219 | 第三借阅区/ [索取号:O413.1-44/38:2=2] | 在馆 | |
| 11 | 0367104 | 203671044 | 第三借阅区/ [索取号:O413.1-44/38:2=2] | 在馆 | |
| 12 | 0367105 | 203671053 | 第三借阅区/ [索取号:O413.1-44/38:2=2] | 在馆 | |
| 13 | 0367106 | 203671062 | 第三借阅区/ [索取号:O413.1-44/38:2=2] | 在馆 | |
| 14 | 0367107 | 203671071 | 第三借阅区/ [索取号:O413.1-44/38:2=2] | 在馆 | |
| 15 | 0367108 | 203671080 | 第三借阅区/ [索取号:O413.1-44/38:2=2] | 在馆 |